|
|
|
|
| LEADER |
00000nab a2200000uu 4500 |
| 001 |
vtls010897313 |
| 003 |
SK-MaSNL |
| 005 |
20260303141622.0 |
| 008 |
230222|1955 xo |||||||||||||||||eng| |
| 015 |
|
|
|a SNBRB
|
| 035 |
|
|
|a (urnnbn)urn:nbn:sk:snk:ar-006mqu
|
| 035 |
|
|
|a (uuid)1f76471b-6d4f-49bc-9318-df47a3a3610c
|
| 035 |
|
|
|a urn:nbn:sk:snk-ab8prk
|
| 040 |
|
|
|a SNKBUCL
|b slo
|c SNKBUCL
|e AACR2
|
| 041 |
0 |
|
|a eng
|
| 044 |
|
|
|a xo
|c SK
|
| 100 |
1 |
|
|a Kresák, Ľubor,
|d 1927-1994
|4 aut
|9 106534
|
| 245 |
1 |
0 |
|a THE DIRECTION DISTRIBUTION OF TELESCOPIC METEORS
|c Ľubor Kresák
|
| 773 |
0 |
|
|t Práce Astronomického observatória na Skalnatom Plese
|g Roč. 1, č. 1 (1955), s. 9-39
|
| 958 |
|
|
|a OND
|
| 958 |
|
|
|a EUIPO
|
| 958 |
|
|
|a article10
|
| 999 |
|
|
|c 1977430
|d 1979360
|